00553nam a2200193Ia 4500003000400000005001700004008004100021020002200062040000700084041001200091082001800103100001800121245008500139260004200224300001500266365001400281650003900295700002500334OSt20251103175551.0210423s2012 xx 000 0 und d a978-81-89233-75-4 cAL aEnglish a362.38 bSHAE aSheela Sharma aEmpowering women through better healthcare and nutrition in developing countries aNew DelhibRegency Publicationsc2012 axv,325bPB b1600cINR aSocial Welfare Problems & Services aAtero, Anglla Atwaru